000 00581nam a22002297a 4500
003 UA-OsUOA
001 87748
007 ta
008 20120921b un ||||| |||| 00| 0 ukr d
100 _aЯгья В. С.
090 _a94(63)
_bЯ31
942 _cBK
040 _aUA-OsUOA
_brus
_cUA-OsUOA
_dUA-OsUOA
245 _aЭфиопия в новейшее время
300 _a327 с.
955 _a4
041 _arus
080 _a94(63)
260 _aМ.
_bМысль
_c1978
650 7 _a9 Географія. Біографії. Історія
_2UDC
999 _c374046
_d374046